000 01387nam0a2200349 i 4500
001 RU\NLR\BIBL_A\010104187
005 20241105164016.0
010 _a9785444415689
_bв пер.
_91000
021 _aRU
_b2013-99987
_9809д/13
035 _a(NILC)RuMoRGB-006722010
035 _a(NLR Aleph) 010104187
090 _a9943410
_c9943410
100 _a20140207d2013 km y0rusy50 ca
101 0 _arus
102 _aRU
105 _aacb|z||||01zd
200 1 _aПервая конная армия
_e[воспоминания]
_fС. М. Буденный
210 _aМосква
_cВече
_d2013
215 _a445, [2] с., [8] л. ил., портр., карт
_d21
225 1 _aПуть русского офицера
333 _a12+
601 0 2 _aКонная армия
_c1; 1918 - 1920
_jВоспоминания, записки и т.п.
_92073682
_3RU\NLR\AUTH\661248612
686 1 _aЦ35(2)712-59-21,013
700 1 _7ca
_8rus
_aБудённый
_bС. М.
_cвоенный деятель
_f1883-1973
_gСемён Михайлович
_9178183
_3RU\NLR\AUTH\770178234
801 0 _aRU
_bRuMoRKP
_c20121010
_gRCR
801 2 _aRU
_bРГБ
_c20140115
_grcr
801 1 _aRU
_bRuMoRKP
_c20121010
_2rusmarc
942 _cBOOK
980 _aNBR